00506nam a2200157 i 450000100060000000300090000600500170001500700030003200800410003510000310007624500620010726000720016930000210024171000480026285200380031039855ES-MaACL20230906160107.0t|030304s1953 sp ||||1| spa d1 aCanto Ibañez, Francisco.13aEl leproso ante la sociedad / cFrancisco Canto Ibañez. aCastellón : bInstituto Provincial de Sanidad, c[1953] (fMás) a28 p. ; c23 cm.2 aInstituto Provincial de Sanidad (Córdoba) aES-MaACLj1628-F-22 bis bR.35295